The book of the International Symposium on the 1973 October War, Cairo, 28-31 October 1975 : (Record no. 549840)
[ view plain ]
| 000 -LEADER | |
|---|---|
| fixed length control field | 00494cam a2200145 i 4500 |
| 082 00 - DEWEY DECIMAL CLASSIFICATION NUMBER | |
| Classification number | 956.048 |
| Author Mark | BOO |
| -- | L-30, P-87 |
| 100 ## - MAIN ENTRY--PERSONAL NAME | |
| Personal name | NBF |
| 9 (RLIN) | 46525 |
| 245 14 - TITLE STATEMENT | |
| Title | The book of the International Symposium on the 1973 October War, Cairo, 28-31 October 1975 : |
| Remainder of title | [proceedings]. |
| Statement of responsibility, etc. | NBF |
| 260 ## - PUBLICATION, DISTRIBUTION, ETC. | |
| Place of publication, distribution, etc. | [Cairo : |
| Name of publisher, distributor, etc. | s.n., |
| Date of publication, distribution, etc. | 1976- |
| 300 ## - PHYSICAL DESCRIPTION | |
| Extent | 315p. |
| Dimensions | 25 cm. |
| 505 1# - FORMATTED CONTENTS NOTE | |
| Formatted contents note | v. 1. Military sector. |
| 526 ## - STUDY PROGRAM INFORMATION NOTE | |
| Program name | 0 |
| Interest level | 0 |
| Reading level | 0 |
| Title point value | 956_048000000000000_BOO |
| 650 #0 - SUBJECT ADDED ENTRY--TOPICAL TERM | |
| Topical term or geographic name entry element | Israel-Arab War, 1973 |
| General subdivision | Congresses. |
| 9 (RLIN) | 46526 |
| 942 ## - ADDED ENTRY ELEMENTS (KOHA) | |
| Source of classification or shelving scheme | |
| Koha item type | Book |
| Withdrawn status | Lost status | Source of classification or shelving scheme | Damaged status | Not for loan | Permanent Location | Current Location | Date acquired | Total Checkouts | Full call number | Barcode | Date last seen | Price effective from | Koha item type |
|---|---|---|---|---|---|---|---|---|---|---|---|---|---|
| Military College of Engineering (MCE) | Military College of Engineering (MCE) | 10/15/2014 | 956.048 BOO | MCE-9905 | 10/15/2014 | 10/15/2014 | Book |
